[Event "21st Abu Dhabi Masters 2014"]
[Site "Abu Dhabi UAE"]
[Date "2014.08.20"]
[Round "1.1"]
[White "Wang, Hao"]
[Black "Dimakiling, Oliver"]
[Result "1-0"]
[WhiteTitle "GM"]
[BlackTitle "IM"]
[WhiteElo "2730"]
[BlackElo "2371"]
[WhiteFideId "8602883"]
[BlackFideId "5202248"]
[EventDate "2014.08.20"]

1. d4 Nf6 2. c4 c6 3. Nf3 d5 4. e3 g6 5. Nc3 Bg7 6. Be2 O-O 7. O-O a6 8. a4 Bf5
9. a5 Qc7 10. Qb3 e6 11. Nh4 Be4 12. c5 g5 13. f3 Bg6 14. Nxg6 hxg6 15. e4 e5
16. exd5 Nxd5 17. Bxg5 Nxc3 18. Qxc3 exd4 19. Qc2 Nd7 20. f4 Bf6 21. Bh6 Rfe8
22. Bc4 Nf8 23. Bg5 Bxg5 24. fxg5 Ne6 25. Rf6 Qe5 26. Raf1 Re7 27. Rxf7 Qe3+ 28.
Kh1 d3 29. Qb3 Rae8 30. R7f3 Qxg5 31. Rf6 Kg7 32. Rxe6 Rxe6 33. Bxe6 Qxc5 34.
Qxb7+ Re7 35. Qc8 d2 36. Qf8+ Kh7 37. Bg8+ 1-0

[Event "21st Abu Dhabi Masters 2014"]
[Site "Abu Dhabi UAE"]
[Date "2014.08.20"]
[Round "1.2"]
[White "Mohammad, Samir"]
[Black "Kryvoruchko, Yuriy"]
[Result "0-1"]
[WhiteTitle "FM"]
[BlackTitle "GM"]
[WhiteElo "2369"]
[BlackElo "2708"]
[WhiteFideId "7600372"]
[BlackFideId "14109182"]
[EventDate "2014.08.20"]

1. d4 Nf6 2. c4 e6 3. Nc3 Bb4 4. e3 O-O 5. Bd3 d5 6. Nf3 b6 7. O-O Bb7 8. Bd2
Bd6 9. Rc1 a6 10. Qc2 dxc4 11. Bxc4 Bxf3 12. gxf3 Nbd7 13. Ne4 Nd5 14. Bxd5 exd5
15. Nxd6 Qg5+ 16. Kh1 cxd6 17. Rg1 Qf6 18. Rg3 Qe6 19. Qc6 Nf6 20. Qxb6 Rab8 21.
Qxa6 Rxb2 22. Be1 Rfb8 23. a4 g6 24. a5 Qf5 25. Qxd6 Nh5 26. Rg2 Rb1 27. Qc6
Rxc1 28. Qxc1 Rb1 29. Qc3 Qxf3 30. Qd2 Nf6 0-1

[Event "21st Abu Dhabi Masters 2014"]
[Site "Abu Dhabi UAE"]
[Date "2014.08.20"]
[Round "1.3"]
[White "Areshchenko, Alexander"]
[Black "Tissir, Mohamed"]
[Result "1-0"]
[WhiteTitle "GM"]
[BlackTitle "IM"]
[WhiteElo "2684"]
[BlackElo "2366"]
[WhiteFideId "14109530"]
[BlackFideId "9000240"]
[EventDate "2014.08.20"]

1. e4 c5 2. Nf3 e6 3. d4 cxd4 4. Nxd4 a6 5. Nc3 d6 6. Be2 Nf6 7. O-O Nbd7 8. f4
Qc7 9. a4 Be7 10. Bf3 g6 11. Kh1 e5 12. fxe5 Nxe5 13. Bh6 Be6 14. Be2 Qd8 15.
Qd2 Nfg4 16. Nxe6 fxe6 17. Bxg4 Nxg4 18. Bg7 Rg8 19. Bd4 Bg5 20. Qe2 Ne5 21.
Bxe5 dxe5 22. Rad1 Qe7 23. Nb5 Rd8 24. Rxd8+ Kxd8 25. Qd3+ Qd7 26. Nd6 Kc7 27.
Qc3+ Qc6 28. Rf7+ Kxd6 29. Qb4+ Qc5 30. Rd7+ Kxd7 31. Qxc5 Bf6 32. Qb6 Rb8 33.
g3 Bd8 34. Qf2 Rc8 35. c3 Be7 36. Qd2+ Kc6 37. Qh6 Rd8 38. Qxh7 Rd1+ 39. Kg2 Bd6
40. Qxg6 Rd2+ 41. Kh3 Rxb2 42. Qxe6 b5 43. Qc8+ Kb6 44. a5+ 1-0

[Event "21st Abu Dhabi Masters 2014"]
[Site "Abu Dhabi UAE"]
[Date "2014.08.20"]
[Round "1.4"]
[White "Pourkashiyan, Atousa"]
[Black "Kuzubov, Yuriy"]
[Result "0-1"]
[WhiteTitle "WGM"]
[BlackTitle "GM"]
[WhiteElo "2352"]
[BlackElo "2667"]
[WhiteFideId "12502014"]
[BlackFideId "14112906"]
[EventDate "2014.08.20"]

1. e4 c5 2. Nf3 d6 3. d4 cxd4 4. Nxd4 Nf6 5. Nc3 a6 6. Be2 e5 7. Nb3 Be7 8. O-O
O-O 9. a4 Be6 10. Be3 Nbd7 11. a5 Rc8 12. f3 Qc7 13. Qd2 Rfd8 14. Rfd1 Bf8 15.
Kh1 h6 16. Bf1 Nc5 17. Nd5 Bxd5 18. exd5 e4 19. Nxc5 dxc5 20. fxe4 Nxe4 21. Qd3
Re8 22. c4 Qe5 23. Bg1 Rc7 24. Rab1 Bd6 25. Qh3 Rce7 26. Bd3 Qg5 27. Bxe4 Rxe4
28. b4 cxb4 29. c5 Bc7 30. d6 Bxa5 31. Rf1 Qg4 32. Qb3 Qd7 33. Qd5 R8e5 34. Qd3
Qe6 35. Rfd1 Bd8 36. h3 a5 37. Qb5 Rh4 38. Rd3 b6 39. Rc1 bxc5 40. Rxc5 Rxc5 41.
Bxc5 Re4 42. Bf2 Re5 43. Qb8 Qd7 44. Kh2 Kh7 45. Re3 Rxe3 46. Bxe3 b3 47. Bf4 a4
48. Qb4 Bf6 49. Qe4+ g6 50. Be5 Qe6 0-1

[Event "21st Abu Dhabi Masters 2014"]
[Site "Abu Dhabi UAE"]
[Date "2014.08.20"]
[Round "1.6"]
[White "Estremera Panos, Sergio"]
[Black "Efimenko, Zahar"]
[Result "0-1"]
[WhiteTitle "IM"]
[BlackTitle "GM"]
[WhiteElo "2346"]
[BlackElo "2641"]
[WhiteFideId "2200864"]
[BlackFideId "14107201"]
[EventDate "2014.08.20"]

1. d4 g6 2. c4 Bg7 3. Nf3 c5 4. d5 d6 5. e4 Nf6 6. Bd3 O-O 7. h3 e5 8. Nc3 Na6
9. Bg5 Nb4 10. Bb1 h6 11. Be3 Nh5 12. a3 Na6 13. g3 Nc7 14. Nh4 Nf6 15. Qd2 Kh7
16. Bd3 a6 17. a4 b6 18. Ng2 Bd7 19. g4 b5 20. b3 Rb8 21. O-O Ng8 22. axb5 axb5
23. Ra7 Ne7 24. f4 exf4 25. Bxf4 Nc8 26. Ra2 bxc4 27. bxc4 Rb3 28. Ne2 Rb6 29.
Ng3 Na6 30. Bb1 Qe7 31. Qe2 Be8 32. Ra3 Rb2 33. Qd3 Nb4 34. Qf3 Nb6 35. Rb3 Nxc4
36. Rxb2 Nxb2 37. Qe2 Na4 38. Ne3 Nc3 39. Qd2 Bb5 40. Re1 Nxb1 41. Rxb1 Ra8 42.
Rxb4 cxb4 43. Qxb4 Be5 0-1

[Event "21st Abu Dhabi Masters 2014"]
[Site "Abu Dhabi UAE"]
[Date "2014.08.20"]
[Round "1.7"]
[White "Petrosian, Tigran L."]
[Black "De Ramos, Julius"]
[Result "1-0"]
[WhiteTitle "GM"]
[BlackTitle "FM"]
[WhiteElo "2641"]
[BlackElo "2342"]
[WhiteFideId "13301616"]
[BlackFideId "5200628"]
[EventDate "2014.08.20"]

1. e4 e6 2. d3 d5 3. Nd2 Nf6 4. Ngf3 Nc6 5. c3 a5 6. Qc2 e5 7. Be2 Be7 8. O-O
O-O 9. b3 Re8 10. a3 Bf8 11. Re1 g6 12. Bf1 Bg7 13. Rb1 b6 14. b4 axb4 15. axb4
Bb7 16. b5 Nb8 17. exd5 Nxd5 18. d4 exd4 19. Rxe8+ Qxe8 20. cxd4 Nd7 21. Qb3 Nf8
22. Bb2 Ne6 23. Re1 Qd8 24. Bc4 Ndf4 25. g3 Nh3+ 26. Kf1 Neg5 27. Ne5 Bxe5 28.
Rxe5 Qf6 29. Qe3 Nf3 30. Nxf3 Qxf3 31. Re8+ Rxe8 32. Qxe8+ Kg7 33. d5+ Kh6 34.
Qf8+ Kg5 35. Qe7+ Kh6 36. Qh4+ Qh5 37. Qxh5+ Kxh5 38. f4 g5 39. Kg2 Bc8 40. Be5
gxf4 41. gxf4 Kg4 42. Be2+ Kh4 43. Bxc7 Bg4 44. Bxg4 Kxg4 45. d6 Nxf4+ 46. Kf1 1-0

[Event "21st Abu Dhabi Masters 2014"]
[Site "Abu Dhabi UAE"]
[Date "2014.08.20"]
[Round "1.8"]
[White "Al-Zendani, Zendan"]
[Black "Gupta, Abhijeet"]
[Result "0-1"]
[WhiteTitle "IM"]
[BlackTitle "GM"]
[WhiteElo "2338"]
[BlackElo "2638"]
[WhiteFideId "9400249"]
[BlackFideId "5010608"]
[EventDate "2014.08.20"]

1. e4 c5 2. Nf3 d6 3. Bb5+ Nd7 4. d4 cxd4 5. Qxd4 a6 6. Bxd7+ Bxd7 7. c4 Rc8 8.
Nc3 e5 9. Qa7 Qc7 10. O-O b5 11. Qxa6 bxc4 12. Rd1 Qc6 13. Qxc6 Bxc6 14. Nd2 Bb7
15. Nf1 Nf6 16. f3 d5 17. Nxd5 Nxd5 18. exd5 Bd6 19. Be3 Kd7 20. Ng3 c3 21. bxc3
Rxc3 22. Rab1 Ba8 23. Bf2 Rc2 24. Ne4 Rxa2 25. Nxd6 Kxd6 26. Rb6+ Kd7 27. Rc1
Rd2 28. d6 Rxd6 29. Rxd6+ Kxd6 30. Rd1+ Ke6 31. Bb6 Bd5 32. Rd2 Ra8 33. Be3 Ra4
34. Kf2 f6 35. Rb2 h5 36. Bd2 g5 37. Rb6+ Kf5 38. Rb2 Ra3 39. h3 Ra1 40. Be3 Bc4
41. Kg3 Rh1 42. Bc5 e4 43. fxe4+ Kxe4 44. Be7 h4+ 45. Kg4 Rf1 46. Kh5 Kf5 47.
Kh6 Ke6 48. Bd8 Kf7 49. Rb7+ Ke8 50. Rb8 Kd7 51. Kg7 Rf2 52. Bxf6 Rxg2 53. Rb2
Be2 54. Kh6 g4 55. hxg4 h3 56. Rb1 Ke6 57. Bd8 Bxg4 58. Rh1 Bf5 59. Kh5 Rg8 60.
Bc7 Rg7 61. Bb8 Kf6 62. Kh4 Rg4+ 63. Kh5 Rg8 64. Bf4 Rh8+ 65. Bh6 Bg6+ 66. Kg4
Rxh6 67. Rxh3 Bf5+ 68. Kf4 0-1

[Event "21st Abu Dhabi Masters 2014"]
[Site "Abu Dhabi UAE"]
[Date "2014.08.20"]
[Round "1.9"]
[White "Pashikian, Arman"]
[Black "Asgarizadeh, Ahmad"]
[Result "1-0"]
[WhiteTitle "GM"]
[WhiteElo "2631"]
[BlackElo "2335"]
[WhiteFideId "13301578"]
[BlackFideId "12505684"]
[EventDate "2014.08.20"]

1. c4 e5 2. Nc3 Nc6 3. g3 Bc5 4. Bg2 Nf6 5. a3 d6 6. e3 Bf5 7. d3 a6 8. b4 Bb6
9. h3 O-O 10. Nge2 Qd7 11. g4 Be6 12. f4 exf4 13. Nxf4 h6 14. O-O Rab8 15. Nfd5
Bxd5 16. cxd5 Ne5 17. d4 Ng6 18. Rxf6 gxf6 19. Ne4 Qe7 20. Qf3 Nh4 21. Qxf6 Rbe8
22. Bh1 c6 23. Bd2 Bd8 24. Qxh6 f5 25. Nxd6 Rf6 26. Qg5+ Rg6 27. Qxe7 Rxe7 28.
Nc4 fxg4 29. hxg4 Rxg4+ 30. Kf2 cxd5 31. Bxd5+ Kg7 32. Ne5 Rg5 33. Rh1 Rc7 34.
Be4 Kg8 35. Ke2 Bf6 36. Rxh4 Rxe5 37. Rf4 Ree7 38. Bxb7 Bg5 39. Bd5+ Kg7 40. Rg4
Kf6 41. Kd3 Rcd7 42. Bc4 Rd6 43. Rg3 1-0

[Event "21st Abu Dhabi Masters 2014"]
[Site "Abu Dhabi UAE"]
[Date "2014.08.20"]
[Round "1.10"]
[White "Fenil, Shah"]
[Black "Amin, Bassem"]
[Result "0-1"]
[BlackTitle "GM"]
[WhiteElo "2286"]
[BlackElo "2627"]
[WhiteFideId "5019850"]
[BlackFideId "10601457"]
[EventDate "2014.08.20"]

1. e4 e5 2. Bc4 Nc6 3. d3 Bc5 4. Nf3 Nf6 5. c3 O-O 6. O-O d6 7. h3 Bb6 8. Bb3
Ne7 9. Nbd2 h6 10. Re1 Ng6 11. Nc4 Be6 12. d4 exd4 13. cxd4 Bxc4 14. Bxc4 d5 15.
exd5 Nxd5 16. Ne5 Nxe5 17. Rxe5 Nf6 18. Be3 Qd6 19. Qd3 Rad8 20. Qg6 Bxd4 21.
Bxh6 Ne8 22. Re6 Qc5 23. Rc1 fxg6 24. Rb1 0-1

[Event "21st Abu Dhabi Masters 2014"]
[Site "Abu Dhabi UAE"]
[Date "2014.08.20"]
[Round "1.11"]
[White "Rakhmanov, Aleksandr"]
[Black "Lorparizangeneh, Shahin"]
[Result "1-0"]
[WhiteTitle "GM"]
[BlackTitle "FM"]
[WhiteElo "2626"]
[BlackElo "2277"]
[WhiteFideId "4173708"]
[BlackFideId "12521604"]
[EventDate "2014.08.20"]

1. c4 g6 2. g3 Bg7 3. Bg2 c5 4. Nc3 Nc6 5. b3 e6 6. Bb2 Nge7 7. Qc1 d6 8. Nd5 e5
9. d3 O-O 10. Qd2 a5 11. e3 a4 12. Ne2 Be6 13. O-O Ra6 14. Nec3 a3 15. Bc1 Bxd5
16. cxd5 Nb4 17. e4 Qd7 18. h4 Kh8 19. Qe2 h6 20. Kh2 f5 21. Bh3 Qe8 22. g4 f4
23. g5 h5 24. Rb1 Nc8 25. Bd2 f3 26. Qd1 Nxd3 27. Be3 Nf4 28. Rg1 Nxh3 29. Kxh3
Rb6 30. Rg3 Qf7 31. Kh2 Rb4 32. Rc1 Na7 33. Qd3 Rd4 34. Qc2 Qd7 35. Nb1 Nb5 36.
Nd2 Rxd2 37. Qxd2 Nd4 38. Re1 Ne2 39. Rxe2 fxe2 40. Qxe2 b5 41. Qf1 b4 42. Qh3
Qxh3+ 43. Kxh3 Kg8 44. Kg2 c4 45. bxc4 b3 46. Bd2 b2 47. Rb3 Rc8 48. Bb4 Rxc4
49. Bxa3 Rxe4 50. Rxb2 Bf8 51. Rb4 Re2 52. Rb6 Rxa2 53. Bxd6 Bxd6 54. Rxd6 Kf7
55. Rf6+ Kg7 56. Re6 Re2 57. Kf3 Re1 58. d6 Kf7 59. Re7+ Kf8 60. Rh7 1-0

[Event "21st Abu Dhabi Masters 2014"]
[Site "Abu Dhabi UAE"]
[Date "2014.08.20"]
[Round "1.12"]
[White "Mahdavirad, Mehdi"]
[Black "Sumets, Andrey"]
[Result "0-1"]
[BlackTitle "GM"]
[WhiteElo "2276"]
[BlackElo "2622"]
[WhiteFideId "12502669"]
[BlackFideId "14105500"]
[EventDate "2014.08.20"]

1. b3 e5 2. Bb2 Nc6 3. e3 g6 4. Nf3 Bg7 5. d4 e4 6. Nfd2 f5 7. c4 d6 8. Nc3 Nf6
9. g3 O-O 10. h4 Qe8 11. Ne2 Nd8 12. Nb1 c5 13. Nbc3 Nc6 14. Nb5 Qe7 15. Qd2 Rd8
16. Rd1 a6 17. Na3 b5 18. Nc2 bxc4 19. bxc4 Nh5 20. Ba1 Be6 21. Nf4 Nxf4 22.
gxf4 d5 23. cxd5 Bxd5 24. h5 Bxa2 25. hxg6 hxg6 26. Qc3 Nb4 27. Nxb4 cxb4 28.
Qc2 Bd5 29. Rg1 b3 30. Qd2 Qe6 31. Qa5 Kf7 32. Rc1 Rac8 33. Rc7+ Rxc7 34. Qxc7+
Rd7 35. Qa5 Qc6 36. Bc3 Rb7 37. Bb2 Bf8 0-1

[Event "21st Abu Dhabi Masters 2014"]
[Site "Abu Dhabi UAE"]
[Date "2014.08.20"]
[Round "1.13"]
[White "Ganguly, Surya Shekhar"]
[Black "Hejazipour, Mitra"]
[Result "0-1"]
[WhiteTitle "GM"]
[BlackTitle "WIM"]
[WhiteElo "2614"]
[BlackElo "2269"]
[WhiteFideId "5002150"]
[BlackFideId "12505951"]
[EventDate "2014.08.20"]

1. e4 c5 2. Nf3 e6 3. d4 cxd4 4. Nxd4 a6 5. Be2 Nf6 6. Nc3 Qc7 7. O-O d6 8. f4
Be7 9. Be3 Nbd7 10. Bf3 O-O 11. g4 Nb6 12. g5 Nfd7 13. a4 Re8 14. Kh1 Nc4 15.
Bc1 b6 16. Qe1 Bb7 17. b3 Na5 18. Bb2 Nc6 19. Nd5 Qc8 20. Nxc6 Qxc6 21. Nxe7+
Rxe7 22. Qd2 Qc7 23. Rad1 Nc5 24. Rfe1 e5 25. f5 Rd8 26. Qf2 Ree8 27. Qh4 Qe7
28. Rg1 g6 29. Rg3 h5 30. Rh3 Qf8 31. b4 Nxa4 32. Bxh5 gxh5 33. f6 Bc8 34. Rdd3
Bg4 35. Rdg3 d5 36. Rxg4 Qxb4 37. Bc3 Qb1+ 38. Be1 Qb4 39. Bc3 0-1

[Event "21st Abu Dhabi Masters 2014"]
[Site "Abu Dhabi UAE"]
[Date "2014.08.20"]
[Round "1.14"]
[White "Primbetov, Kazbek"]
[Black "Vidit, Santosh Gujrathi"]
[Result "0-1"]
[BlackTitle "GM"]
[WhiteElo "2256"]
[BlackElo "2602"]
[WhiteFideId "13702297"]
[BlackFideId "5029465"]
[EventDate "2014.08.20"]

1. e4 c5 2. Nf3 Nc6 3. d4 cxd4 4. Nxd4 Qb6 5. Nb3 Nf6 6. Nc3 e6 7. Bd3 a6 8. Qe2
Qc7 9. f4 d6 10. O-O b5 11. Bd2 Be7 12. Rae1 b4 13. Nd1 O-O 14. Ne3 a5 15. c3
Bb7 16. Nc1 Rfd8 17. Kh1 Rac8 18. Ng4 Nxg4 19. Qxg4 d5 20. e5 bxc3 21. bxc3 d4
22. Rf3 g6 23. Rh3 dxc3 24. Bxc3 Nb4 25. Bb1 Nd5 26. Bd2 Nb4 27. Nd3 Qc4 28.
Bxb4 axb4 29. Rhe3 Rd4 30. Qe2 Qd5 31. Qf2 Rc3 32. Rd1 Rxf4 33. Nxf4 Qxd1+ 34.
Re1 Qd7 35. Ne2 Rc5 36. Ng3 Qc7 37. Qe2 0-1

[Event "21st Abu Dhabi Masters 2014"]
[Site "Abu Dhabi UAE"]
[Date "2014.08.20"]
[Round "1.15"]
[White "Burmakin, Vladimir"]
[Black "Faraj, Yahya"]
[Result "1-0"]
[WhiteTitle "GM"]
[BlackTitle "FM"]
[WhiteElo "2593"]
[BlackElo "2247"]
[WhiteFideId "4105109"]
[BlackFideId "9400184"]
[EventDate "2014.08.20"]

1. Nf3 Nf6 2. d4 d5 3. c4 c6 4. e3 e6 5. Nbd2 Nbd7 6. b3 c5 7. cxd5 exd5 8. Bb2
Bd6 9. Be2 O-O 10. O-O Re8 11. Qc2 b6 12. Rfd1 Qe7 13. Rac1 Bb7 14. Qf5 Qe6 15.
Qxe6 Rxe6 16. Bd3 Ne4 17. Nxe4 dxe4 18. Bc4 Re7 19. dxc5 Bxc5 20. Ng5 Rf8 21.
Bd5 Bxd5 22. Rxd5 Nb8 23. Rc4 Na6 24. Nxe4 b5 25. Nf6+ Kh8 26. Rh4 h6 27. Nd7
Rxd7 28. Rxd7 Kg8 29. Rg4 g6 30. Rxg6+ fxg6 31. Rg7+ Kh8 32. Rxa7+ Kg8 33. Rg7+
Kh8 34. Rxg6+ 1-0

[Event "21st Abu Dhabi Masters 2014"]
[Site "Abu Dhabi UAE"]
[Date "2014.08.20"]
[Round "1.16"]
[White "Hakimifard, Ghazal"]
[Black "Salem, A.R. Saleh"]
[Result "0-1"]
[WhiteTitle "WIM"]
[BlackTitle "GM"]
[WhiteElo "2232"]
[BlackElo "2591"]
[WhiteFideId "12506540"]
[BlackFideId "9301348"]
[EventDate "2014.08.20"]

1. e4 c5 2. Nf3 e6 3. d4 cxd4 4. Nxd4 Nc6 5. Nc3 d6 6. Be2 Nf6 7. O-O Be7 8. Be3
O-O 9. Kh1 Bd7 10. Nb3 a6 11. a4 Na5 12. f4 Bc6 13. Qd4 d5 14. e5 Nd7 15. Nxa5
Qxa5 16. Qd2 Qb4 17. a5 Bc5 18. Na4 Qxd2 19. Bxd2 Ba7 20. Bb4 Rfc8 21. Bd3 Bb5
22. Ra3 Rxc2 23. Bxc2 Bxf1 24. Rc3 Bc4 25. b3 Bb5 26. Bd1 h6 27. h3 Bd4 28. Rc7
Bc6 29. Bh5 g6 30. Be2 Be3 31. g3 g5 32. fxg5 hxg5 33. Bd6 Kg7 34. Kh2 Bd4 35.
Bh5 Rh8 36. Bg4 Kg6 37. Be2 Nxe5 38. Nc5 g4 39. Nxb7 Bb5 40. Bd1 Nf3+ 0-1

[Event "21st Abu Dhabi Masters 2014"]
[Site "Abu Dhabi UAE"]
[Date "2014.08.20"]
[Round "1.17"]
[White "Iordachescu, Viorel"]
[Black "Khouri, Ibrahim Mohamed"]
[Result "1-0"]
[WhiteTitle "GM"]
[BlackTitle "FM"]
[WhiteElo "2589"]
[BlackElo "2225"]
[WhiteFideId "13900200"]
[BlackFideId "9301526"]
[EventDate "2014.08.20"]

1. e4 e5 2. Nf3 Nc6 3. Bb5 a6 4. Ba4 Nf6 5. O-O Be7 6. Re1 b5 7. Bb3 d6 8. c3
O-O 9. h3 Nb8 10. d4 Nbd7 11. Nbd2 Bb7 12. Bc2 Re8 13. a4 Bf8 14. Bd3 c6 15. Qc2
Qc7 16. b4 Nb6 17. a5 Nbd7 18. Bb2 Rac8 19. Qb1 g6 20. c4 Bg7 21. dxe5 dxe5 22.
Qa2 Nh5 23. Rac1 Nf4 24. Bf1 Qd6 25. c5 Qe7 26. g3 Qe6 27. Nc4 bxc4 28. gxf4
exf4 29. e5 Nf8 30. Qxc4 Qxc4 31. Bxc4 Ne6 32. Rcd1 Rcd8 33. Bc1 Bc8 34. Kg2 g5
35. Bb2 h6 36. Nd2 Nc7 37. Ne4 Be6 38. Bxe6 Nxe6 39. Rd6 Rb8 40. Bc3 Rec8 41.
Red1 Bf8 42. Rd7 Rd8 43. R1d2 Rxd7 44. Rxd7 Rd8 45. Ra7 Rd3 46. Rxa6 Nc7 47.
Rxc6 Nb5 48. Be1 Nd4 49. Rc8 Nf3 50. Kf1 1-0

[Event "21st Abu Dhabi Masters 2014"]
[Site "Abu Dhabi UAE"]
[Date "2014.08.20"]
[Round "1.18"]
[White "Calzetta Ruiz, Monica"]
[Black "Volkov, Sergey"]
[Result "0-1"]
[WhiteTitle "WGM"]
[BlackTitle "GM"]
[WhiteElo "2221"]
[BlackElo "2583"]
[WhiteFideId "2204185"]
[BlackFideId "4122763"]
[EventDate "2014.08.20"]

1. e4 e6 2. d4 d5 3. Nd2 Nf6 4. e5 Nfd7 5. Bd3 c5 6. c3 Nc6 7. Ngf3 cxd4 8. cxd4
f6 9. exf6 Nxf6 10. b3 Bd6 11. Bb2 Qb6 12. O-O O-O 13. Ne5 Bd7 14. Ndf3 Nb4 15.
Bb1 Bb5 16. Re1 Rae8 17. a3 Nc6 18. Qc2 Re7 19. Ng5 Bxe5 20. dxe5 Ne4 21. Rxe4
Bd3 22. Bd4 Nxd4 23. Qxd3 dxe4 24. Qxe4 g6 25. Bd3 Nxb3 26. Ra2 Nc5 27. Qc4 Nxd3
28. Qxd3 Rd8 0-1

[Event "21st Abu Dhabi Masters 2014"]
[Site "Abu Dhabi UAE"]
[Date "2014.08.20"]
[Round "1.20"]
[White "Zayan, Osama"]
[Black "Lalith, Babu M.R."]
[Result "0-1"]
[BlackTitle "GM"]
[WhiteElo "2208"]
[BlackElo "2565"]
[WhiteFideId "10601180"]
[BlackFideId "5024595"]
[EventDate "2014.08.20"]

1. e4 g6 2. d4 Bg7 3. Nc3 c6 4. Nf3 d6 5. a4 a5 6. Bc4 Nf6 7. O-O O-O 8. Ba2 Na6
9. h3 Nb4 10. Bb3 Qc7 11. Bf4 Nh5 12. Be3 e5 13. Qd2 Qe7 14. Rad1 Be6 15. d5
cxd5 16. Nxd5 Bxd5 17. Bxd5 Nf6 18. Qe2 Nfxd5 19. exd5 e4 20. Bg5 Qe8 21. Nd4
Nxd5 22. Nb5 Qe5 23. Qd2 e3 24. Qxd5 e2 25. b3 exf1=Q+ 26. Kxf1 Qh2 27. Nxd6 Qe5
28. Qxe5 Bxe5 29. Nxb7 Rfc8 30. Rd5 f6 31. Bh6 Rxc2 32. Nxa5 g5 33. Nc4 Bc7 34.
Rd7 Rd8 35. Rg7+ Kh8 36. g4 Bg3 37. Kg2 Bh4 38. Kf3 Re8 0-1

[Event "21st Abu Dhabi Masters 2014"]
[Site "Abu Dhabi UAE"]
[Date "2014.08.20"]
[Round "1.21"]
[White "Gopal, G.N."]
[Black "Kryvoruchko, Vita"]
[Result "1-0"]
[WhiteTitle "GM"]
[BlackTitle "WGM"]
[WhiteElo "2558"]
[BlackElo "2185"]
[WhiteFideId "5015693"]
[BlackFideId "14108917"]
[EventDate "2014.08.20"]

1. e4 c5 2. Nf3 d6 3. d4 cxd4 4. Nxd4 Nf6 5. Nc3 a6 6. g3 e6 7. Bg2 Be7 8. O-O
O-O 9. a4 Nc6 10. Nxc6 bxc6 11. a5 e5 12. Qe2 Be6 13. h3 Qc7 14. Rd1 Nd7 15. Be3
Kh8 16. Na4 f5 17. exf5 Bxf5 18. Qc4 Qxa5 19. Nc5 Qd8 20. Nb7 Qb8 21. Nxd6 Bxd6
22. Qxc6 Bc7 23. g4 e4 24. gxf5 Nf6 25. b3 Rc8 26. Qe6 Be5 27. Ra5 Re8 28. Qc4
Qb7 29. Rc5 Rac8 30. b4 Rxc5 31. Qxc5 Qc8 32. Qxc8 Rxc8 33. Bf1 h6 34. c4 Bc3
35. b5 a5 36. c5 a4 37. b6 a3 38. Bc4 Be5 39. Be6 Rb8 40. c6 Ne8 41. b7 Nc7 42.
Ba7 Nxe6 43. Bxb8 Bxb8 44. fxe6 1-0

[Event "21st Abu Dhabi Masters 2014"]
[Site "Abu Dhabi UAE"]
[Date "2014.08.20"]
[Round "1.22"]
[White "Siva, Mahadevan"]
[Black "Horvath, Adam1"]
[Result "0-1"]
[BlackTitle "GM"]
[WhiteElo "2173"]
[BlackElo "2536"]
[WhiteFideId "25043153"]
[BlackFideId "708003"]
[EventDate "2014.08.20"]

1. e4 c5 2. Nf3 e6 3. d4 cxd4 4. Nxd4 Nc6 5. Nc3 Qc7 6. Be2 a6 7. O-O Nf6 8. Be3
Be7 9. a4 O-O 10. f4 d6 11. Kh1 Nxd4 12. Qxd4 Bd7 13. e5 Ne8 14. Rad1 Bc6 15.
Bd3 dxe5 16. fxe5 Rd8 17. Qf4 g6 18. Ne4 Bxe4 19. Qxe4 Ng7 20. g4 Rd5 21. Bf4
Rfd8 22. Bg3 Bf8 23. Qf3 b5 24. axb5 axb5 25. Be4 Rxd1 26. Rxd1 Rxd1+ 27. Qxd1
h5 28. h3 hxg4 29. hxg4 Ne8 30. Qd3 b4 31. Kg2 Qc5 32. c3 bxc3 33. Qxc3 Qb5 34.
Bf3 Bc5 35. b3 Qb6 36. Qd3 Qc7 37. b4 Bxb4 38. Qb5 Qe7 39. Kh3 Kg7 40. Bc6 Nc7
41. Qb7 Bd2 42. Bh4 g5 43. Bf2 Bf4 44. Qb2 Qd8 45. Kg2 Qh8 46. Bf3 Qh2+ 47. Kf1
Be3 48. Qe2 Bxf2 49. Qxf2 Qxe5 50. Kg2 Nb5 51. Bc6 Nd4 52. Be8 Qe4+ 53. Kg3 Ne2+
54. Kh3 Qh1+ 55. Qh2 Qf3+ 0-1

[Event "21st Abu Dhabi Masters 2014"]
[Site "Abu Dhabi UAE"]
[Date "2014.08.20"]
[Round "1.23"]
[White "Abasov, Nijat"]
[Black "Derakhshani, Dorsa"]
[Result "1-0"]
[WhiteTitle "GM"]
[BlackTitle "WFM"]
[WhiteElo "2527"]
[BlackElo "2169"]
[WhiteFideId "13402960"]
[BlackFideId "12500330"]
[EventDate "2014.08.20"]

1. d4 Nf6 2. Nf3 e6 3. c4 b6 4. g3 Bb7 5. Bg2 Be7 6. O-O O-O 7. Nc3 Ne4 8. Bd2
f5 9. Ne5 d6 10. Nd3 Bf6 11. Nf4 Nxc3 12. Bxc3 Bxg2 13. Kxg2 Qe8 14. Qd3 c5 15.
e3 Na6 16. Rad1 Rc8 17. f3 cxd4 18. exd4 g5 19. Ne2 Qc6 20. b3 Nc7 21. Bb4 Rfe8
22. d5 exd5 23. Rf2 Na6 24. Qxf5 Nxb4 25. Qxf6 dxc4 26. Qxg5+ Kf7 27. Qf5+ Kg8
28. Rd4 d5 29. Rg4+ Kh8 30. Nd4 Qd6 31. Rh4 Rc7 32. Nb5 Qd7 33. Qf6+ Qg7 34.
Qxg7+ Rxg7 35. bxc4 Nd3 36. Rd2 dxc4 37. Rxc4 Rd7 38. Rd4 Rxd4 39. Nxd4 Re3 40.
Nf5 Ne1+ 41. Kh3 Re8 42. Kg4 h5+ 43. Kxh5 Nxf3 44. Rd7 Nxh2 45. Rxa7 Rg8 46. Rb7
Nf3 47. Kh6 Rg5 48. Ne7 1-0

[Event "21st Abu Dhabi Masters 2014"]
[Site "Abu Dhabi UAE"]
[Date "2014.08.20"]
[Round "1.24"]
[White "Gadimbayli, Abdulla"]
[Black "Vaibhav, Suri"]
[Result "0-1"]
[WhiteTitle "FM"]
[BlackTitle "GM"]
[WhiteElo "2162"]
[BlackElo "2521"]
[WhiteFideId "13404938"]
[BlackFideId "5045185"]
[EventDate "2014.08.20"]

1. e4 c5 2. Nf3 e6 3. d4 cxd4 4. Nxd4 Nc6 5. Nc3 Qc7 6. f4 a6 7. Nxc6 Qxc6 8.
Bd3 b5 9. Qe2 Bb7 10. a3 Bc5 11. Be3 Ne7 12. O-O d6 13. Kh1 O-O 14. Bxc5 Qxc5
15. e5 dxe5 16. fxe5 Rad8 17. Rae1 Ng6 18. h3 Rd7 19. Qe3 Rc8 20. Qg3 b4 21. Ne4
Bxe4 22. Rxe4 bxa3 23. Rc4 Qf8 24. Rxc8 Qxc8 25. Bxg6 hxg6 26. Qxa3 Qxc2 27.
Qxa6 Kh7 28. Qb5 Rc7 29. Qb4 Qd3 30. Qf4 Qd5 31. b4 Kg8 32. Qg5 Rb7 33. Qf4 Ra7
34. Rc1 Qb7 35. Qd4 Ra8 36. Rf1 Rb8 37. Qf4 g5 38. Qxg5 Qxb4 39. Qg3 Qe4 40. Qf2
Rb7 41. Re1 Qd5 42. Qe2 Rb3 43. Kh2 Qd4 44. Rd1 Re3 45. Rxd4 Rxe2 46. Kg3 Rxe5
47. Rd7 Rd5 48. Rc7 g6 49. Kf4 Rf5+ 50. Ke4 Rf2 51. g4 Kg7 52. Rc3 Kh6 53. Ke5
Kg5 54. Kd6 Kh4 55. Ke7 e5 56. Re3 f6 57. Ke6 Rf4 58. Kf7 g5 59. Ke7 e4 60. Ke6
Rf3 61. Rxe4 Kxh3 62. Kf7 Rf4 0-1